Vnímaná kvalita vzdelávania diplomová práca

Na minha lista:
Detalhes bibliográficos
Autor principal: Gomulecová, Romana
Autor Corporativo: Národohospodárska fakulta EU. Katedra hospodárskej politiky
Outros Autores: Kališ, Richard, 1991-
Formato: Livro
Idioma:eslovaco
Publicado em: Bratislava 2023
Tags: Adicionar Tag
Sem tags, seja o primeiro a adicionar uma tag!

MARC

LEADER 00000nbm a2200000 4500
001 0293108
005 20231206101535.9
041 0 |a slo 
044 |a SK 
245 1 0 |a Vnímaná kvalita vzdelávania  |b diplomová práca  |c Romana Gomulecová ; školiteľ: Richard Kališ 
264 1 |a Bratislava  |c 2023 
300 |a 65 s. 
100 1 |a Gomulecová, Romana 
700 1 |a Kališ, Richard, 1991- 
710 2 |a Národohospodárska fakulta EU. Katedra hospodárskej politiky